000 00799nas a2200241 i 4500
001 1627
003 ES-MaACL
005 20250812074041.0
007 t|
008 950801d1914 fr | | 1 ||re d
080 _a93/99
245 0 3 _aLe Petit français /
_corgane authentique des officiers français prisonniers áa Brandebourg et Halle (Allemagne.
260 _aParis :
_bBloud and Gay,
_c1914.
300 _a1 vol. ;
_c25 cm.
310 _aDiaria
362 0 _aN. 1 (14 sep. 1914)-n. 100 (22 dic. 1914)
500 _aPublicado en : Les 100 numeros du petit français / Hubert de Larmandie. - Paris : Bloud & Gay, 1917.
650 7 _aArte y ciencia militar
_2embne
_9135619
650 1 7 _aHistoria
_2embne
_9179933
852 _aES-MaACL
_jC-1446
866 0 _o1914
999 _c1627
_d1627